Selected papers from the international conference on computational heat and mass transfer, Paris May 2005 (Record no. 144546)
[ view plain ]
| 000 -LEADER | |
|---|---|
| fixed length control field | 01172nam a2200277Ia 4500 |
| 245 00 - TITLE STATEMENT | |
| Title | Selected papers from the international conference on computational heat and mass transfer, Paris May 2005 |
| 260 ## - PUBLICATION, DISTRIBUTION, ETC. (IMPRINT) | |
| Place of publication | Bradford : |
| Name of publisher | Emerald Group Press, |
| Year of publication | c2007. |
| 300 ## - PHYSICAL DESCRIPTION | |
| Number of Pages | 114 p. |
| 490 0# - SERIES STATEMENT | |
| Series statement | International Journal of numerical methods for heat & fluid flow ; |
| 650 #0 - SUBJECT ADDED ENTRY--TOPICAL TERM | |
| Topical Term | Heat |
| Topical Term | Mass transfer. |
| 700 1# - ADDED ENTRY--PERSONAL NAME | |
| Personal name | Bennacer, R. |
| 856 40 - ELECTRONIC LOCATION AND ACCESS | |
| Uniform Resource Identifier | http://site.ebrary.com/lib/rucke/Doc?id=10185510 |
No items available.
